000 00735na a2200265 4500
001 14223
003 MIRAKIL
005 20181213154821.0
008 161024b tu 000 0
020 _a9789944963428
035 _a14223
040 _aMilas
_btur
_cTR-AnCHP
041 _atur
082 _aATA 297
_bZ95a 2012
090 _aATA 297 Z95a 2012
100 _aZümrüt, Osman
245 _aAtatürk'ün islam dini anlayışı
_cOsman Zümrüt
250 _a3. bs.
260 _aAnkara
_bAnka-ha Yayınları
_c2012
300 _a239 s.
_c21 sm.
600 _aAtatürk, Mustafa Kemal
_d1881-1938
_xDini görüşler
600 _aAtatürk, Mustafa Kemal
_xDin
650 _aDin ve siyaset
_zTürkiye
942 _2dcc
_cBKS
999 _c1391
_d1391